Οι κανόνες του ανταγωνισμού στην Ευρωπαϊκή Κοινότητα
Αποθηκεύτηκε σε:
| Κύριος συγγραφέας: | |
|---|---|
| Μορφή: | Βιβλίο |
| Γλώσσα: | Greek |
| Δημοσίευση: |
Αθήνα :
Σάκκουλας,
1993.
|
| Θέματα: | |
| Ετικέτες: |
Προσθήκη ετικέτας
Δεν υπάρχουν, Καταχωρήστε ετικέτα πρώτοι!
|
MARC
| LEADER | 00000cam a2200000 i 4500 | ||
|---|---|---|---|
| 001 | 1/50760 | ||
| 008 | 040311s1993 gr | ||| |||| ||gre|| | ||
| 020 | |a 960232032X |q (σετ) | ||
| 035 | |l 10072637 | ||
| 040 | |a GR-MY-UA |b gre |e aacr | ||
| 041 | 0 | |a gre | |
| 082 | 7 | |a 337.142 |2 (22) | |
| 100 | 1 | |a Τραγάκης, Γεώργιος Εμμ. | |
| 245 | 1 | 3 | |a Οι κανόνες του ανταγωνισμού στην Ευρωπαϊκή Κοινότητα / |c Γεωργίου Εμμ. Τραγάκη. |
| 260 | |a Αθήνα : |b Σάκκουλας, |c 1993. | ||
| 300 | |a 2 τ. ; |c 24 εκ. | ||
| 505 | 0 | |a Τ.1. Κοινοτικό δίκαιο ανταγωνισμού. Απαλλαγές-εξαιρέσεις από τον απαγορευτικό κανόνα. Οι κανόνες του ανταγωνισμού στο δημόσιο τομέα -- τ.2. Χρηματοπιστωτικός τομέας. Κοινοτική πολιτική ανταγωνισμού και νομολογία | |
| 650 | 0 | 0 | |a Trade regulation |z European Economic Community countries. |
| 651 | 0 | |a European Economic Community countries |x Commerce. | |
| 740 | 0 | |a Κοινοτικό δίκαιο ανταγωνισμού. Απαλλαγές-εξαιρέσεις από τον απαγορευτικό κανόνα. Οι κανόνες του ανταγωνισμού στο δημόσιο τομέα | |
| 740 | 0 | |a Χρηματοπιστωτικός τομέας. Κοινοτική πολιτική ανταγωνισμού και νομολογία | |
| 852 | |a INST |b RHODES |e 20040311 |h 337.142 ΤΡΑ |p 005400019494 |q 005400019494 |t BK |y 0 |z τ.2 | ||
| 852 | |a INST |b RHODES |e 20040311 |h 337.142 ΤΡΑ |p 005400019495 |q 005400019495 |t BK |y 0 |z τ.1 | ||
| 852 | |a INST |b RHODES |e 20040311 |h 337.142 ΤΡΑ |p 005400019494 |q 005400019494 |t BK |v τ.2: |y 0 |z τ.2 | ||
| 852 | |a INST |b RHODES |e 20040311 |h 337.142 ΤΡΑ |p 005400019495 |q 005400019495 |t BK |v τ.1: |y 0 |z τ.1 | ||
| 853 | |a INST |b RHODES |h 337.142 ΤΡΑ | ||
| 901 | |a BIBL4-2004-1 | ||
| 909 | |a Ρ |b 105263 | ||
| 909 | |a Ρ |b 105264 | ||
| 970 | |a ΚΟΥΛΑΚΙΟΤΗ |b ΛΙΤΣΑ |z 2004/03/11 | ||